كتاب الملل و النحل / (رقم التسجيلة. 28124)

تفاصيل مارك
000 -LEADER
fixed length control field 00583nam a22001697a 4500
005 - DATE AND TIME OF LATEST TRANSACTION
control field 20251108165438.0
008 - FIXED-LENGTH DATA ELEMENTS--GENERAL INFORMATION
fixed length control field 250721s9999 xx 000 0 ara d
082 14 - DEWEY DECIMAL CLASSIFICATION NUMBER
Classification number م/215/شهر
100 1# - MAIN ENTRY--PERSONAL NAME
Personal name الشهرستاني، أبو الفتح محمد
Relator term مؤلف
245 10 - TITLE STATEMENT
Title كتاب الملل و النحل /
264 1# - PRODUCTION, PUBLICATION, DISTRIBUTION, MANUFACTURE, AND COPYRIGHT NOTICE
Place of production, publication, distribution, manufacture القاهرة :
Name of producer, publisher, distributor, manufacturer مكتبة اللإنجلو المصريه،
300 ## - PHYSICAL DESCRIPTION
Extent 2ج في مج
490 0# - SERIES STATEMENT
Series statement سلسلة في الدراسات الفلسفيه الإخلاقيه
650 17 - SUBJECT ADDED ENTRY--TOPICAL TERM
Topical term or geographic name as entry element الفرق الإسلامية
942 ## - ADDED ENTRY ELEMENTS (KOHA)
Source of classification or shelving scheme Dewey Decimal Classification
Koha item type مراجع
المقتنيات
حالة السحب حالة الفقدان مصدر التصنيف حالة التلف غير قابل للإعارة المكتبة الرئيسية المكتبة الحالية موقع الرف تاريخ التزويد الرقم المتسلسل Total Checkouts رقم الإستدعاء الباركود تاريخ آخر ظهور تاريخ الفاتورة نوع المادة (كوها)
    Dewey Decimal Classification   Not For Loan المكتبة المركزية المكتبة المركزية مراجع 06/07/2004 176790   م/215/شهر 176790 28/07/2025 06/07/2004 مراجع
Implemented & Customized by: BBB with SCIT (Smart Chains for Information Technology)

Powered by Koha